Music Quiz

Random Music or Numbers Quiz

Unique Words in Number One Hits 3 Quiz Stats

 Plays Quiz not verified by Sporcle

Challenge
Share
Tweet
Embed
Score 0/40 Timer 10:00
0 Plays Today
Word Song % Correct
PreachPapa Don't Preach
89.2%
RaindropsRaindrops Keep Fallin' On My Head
87.5%
TideThe Tide is High
83.8%
Tonight'sTonight's The Night
82.6%
LocaLivin' La Vida Loca
80.6%
WindingThe Long and Winding Road
79.2%
RubyRuby Tuesday
78.3%
GreatestGreatest Love of All
77.2%
ScrubsNo Scrubs
76.4%
DuckDisco Duck
73.2%
InvisibleInvisible Touch
73.2%
GroovyGroovy Kind of Love
68.3%
WakeWake Me Up Before You Go-Go
67.7%
LonesomeAre You Lonesome To-night?
66.4%
SwearI Swear
65.1%
SillySilly Love Songs
64.9%
MountainAin't No Mountain High Enough
61.1%
Travelin'Travelin' Man
60.4%
9696 Tears
60.2%
WopDoo Wop
60%
Word Song % Correct
ShiningShining Star
58.9%
MindsSuspicious Minds
56.4%
BelievesWhat a Fool Believes
50.8%
PopPop Muzik
50.6%
SueRunaround Sue
48.3%
BoatRock the Boat
43.8%
YourselfLose Yourself
43.4%
ReachReach Out, I'll Be There
42.1%
LondonLondon Bridge
40.6%
RainyI Love a Rainy Night
37.4%
SoldierSoldier Boy
37.2%
ShackSugar Shack
36.8%
ToughHanging Tough
36.2%
ProblemsMo Money Mo Problems
27.7%
WelcomeWelcome Back
27.5%
MyselfI Can't Help Myself
8.3%
CareTake Good Care of My Baby
6.6%
LookingI Still Haven't Found What I'm Looking For
5.7%
SawThe First Time Ever I Saw Your Face
5.5%
NobodyCan't Nobody Hold Me Down
2.1%

You're not logged in!

Compare scores with friends on all Sporcle quizzes.
OR
Log In

You Might Also Like...

Show Comments

Extras

Created Jan 10, 2011SourceReportNominate
Tags:Numbers Quiz, hot, unique

Top Quizzes Today


Score Distribution

Your Account Isn't Verified!

In order to create a playlist on Sporcle, you need to verify the email address you used during registration. Go to your Sporcle Settings to finish the process.

Report this User

Report this user for behavior that violates our Community Guidelines.

Details: